Pueblos, comunidades y municipios frente a los proyectos modernizadores en América Latina, siglo XIX /
Guardado en:
| Autor principal: | |
|---|---|
| Autores Corporativos: | , |
| Otros Autores: | |
| Formato: | Texto |
| Publicado: |
San Luis Potosi:
El Colegio de San Luis
|
| Materias: | |
| Etiquetas: |
Agregar Etiqueta
Sin Etiquetas, Sea el primero en etiquetar este registro!
|
MARC
| LEADER | 00000 a a2200000 04500 | ||
|---|---|---|---|
| 001 | 30505 | ||
| 003 | |||
| 040 | |||
| 020 | |a 968-7727-79-9 |a 90-70280-88-4 | ||
| 090 | |a 195200 | ||
| 100 | |a Escobar Ohmstede, Antonio | ||
| 110 | |a El Colegio de San Luis | ||
| 245 | |a Pueblos, comunidades y municipios frente a los proyectos modernizadores en América Latina, siglo XIX / |c El Colegio de San Luis | ||
| 260 | |a San Luis Potosi: |b El Colegio de San Luis | ||
| 300 | |a 283 p. | ||
| 650 | |a ESTADO | ||
| 650 | |a POBLACION INDIGENA | ||
| 650 | |a NACIONALISMO | ||
| 650 | |a CUIDADANIA | ||
| 650 | |a MODERNIZACION | ||
| 650 | |a DESARROLLO REGIONAL | ||
| 650 | |a ETNICIDAD | ||
| 650 | |a CONFLICTOS POLITICOS | ||
| 650 | |a ANALISIS HISTORICO | ||
| 650 | |a ANALISIS POLITICO | ||
| 700 | |a comp. |a Falcón, Romana |a comp. |a Buve, Raymond |a comp. | ||
| 710 | |a CEDLA | ||
| 999 | |c 15738 |d 15738 | ||



